Statistics for Historical Couples

Click here to take the quiz!

General Stats

  • This quiz has been taken 22,604 times
  • The average score is 11 of 20

Answer Stats

Person Significant Other % Correct
Yoko OnoJohn Lennon
93%
Marc AntonyCleopatra
84%
Anne BoleynKing Henry VIII
84%
Eva BraunAdolf Hitler
79%
Sonny BonoCher
72%
Joe DimaggioMarilyn Monroe
71%
Juan Peron{Eva} Peron
68%
Richard BurtonElizabeth Taylor
62%
Kurt CobainCourtney Love
59%
Prince AlbertQueen Victoria
54%
Bonnie ParkerClyde Barrow
54%
JosephineNapoleon
54%
Wallis SimpsonKing Edward VIII
45%
Queen IsabellaFerdinand
44%
Marie Curie{Pierre} Curie
43%
Lucille BallDesi Arnaz
42%
John Adams{Abigail} Adams
29%
Frida KahloDiego Rivera
18%
Simone de BeauvoirJean-Paul Sartre
15%
TheodoraJustinian
11%

Score Distribution

Percentile by Number Answered

Percent of People with Each Score

Your Score History

You have not taken this quiz